000 00509nam a2200181 4500
001 148995
003 ES-MaACL
005 20230906202912.0
007 t|
008 070214s1971 sp r ||||1| spa d
245 0 0 _aSupuestos y cuestionarios de Técnica publicitaria.
260 _a[Valladolid] :
_bInsade,
_c[1971] (
_fA. Martín)
300 _a104 p. ;
_c22 cm.
490 1 _aBiblioteca Turismo
830 0 _aBiblioteca Turismo
_9187531
852 _aES-MaACL
_jC-45226
_bR.80457
999 _c148995
_d148995